Learning Resource and Development

Bioethics : (Record no. 32200)

MARC details
000 -LEADER
fixed length control field 03142nam a2200361 i 4500
003 - CONTROL NUMBER IDENTIFIER
control field CSPC
005 - DATE AND TIME OF LATEST TRANSACTION
control field 20260331161200.0
008 - FIXED-LENGTH DATA ELEMENTS--GENERAL INFORMATION
fixed length control field 260330s2023 at b 001 0 eng d
020 ## - INTERNATIONAL STANDARD BOOK NUMBER
International Standard Book Number 9780729544283
040 ## - CATALOGING SOURCE
Original cataloging agency CSPC
Language of cataloging eng
Transcribing agency CSPC
Description conventions rda
050 #4 - LIBRARY OF CONGRESS CALL NUMBER
Classification number RT85
Item number .J65 2023
082 04 - DEWEY DECIMAL CLASSIFICATION NUMBER
Classification number 174.2
Item number J65b
Edition number 23
100 1# - MAIN ENTRY--PERSONAL NAME
Personal name Johnstone, Megan-Jane,
Relator term author.
245 10 - TITLE STATEMENT
Title Bioethics :
Remainder of title a nursing perspective /
Statement of responsibility, etc. Megan-Jane Johnstone.
250 ## - EDITION STATEMENT
Edition statement 8th edition.
264 #1 - PRODUCTION, PUBLICATION, DISTRIBUTION, MANUFACTURE, AND COPYRIGHT NOTICE
Place of production, publication, distribution, manufacture Chatswood, New South Wales :
Name of producer, publisher, distributor, manufacturer Elsevier,
Date of production, publication, distribution, manufacture, or copyright notice 2023.
300 ## - PHYSICAL DESCRIPTION
Extent xvi, 408 pages ;
Dimensions 23 cm.
336 ## - CONTENT TYPE
Source rdacontent
Content type term text
337 ## - MEDIA TYPE
Source rdamedia
Media type term unmediated
338 ## - CARRIER TYPE
Source rdacarrier
Carrier type term volume
500 ## - GENERAL NOTE
General note Includes index.
505 0# - FORMATTED CONTENTS NOTE
Formatted contents note Section 1. Foundations of nursing ethics and professional conduct -- Professional standards and the requirement to be ethical -- Ethics, bioethics and nursing ethics: some working definitions -- Moral theory and the ethical practice of nursing -- Moral problems in nursing and health care -- Moral decision-making in nursing and health care contexts -- Section 2. Culture and context -- Cross-cultural ethics and ethical practice of nursing -- Ethics, dehumanization and vulnerable populations -- Section 3. Ethics in practice -- Patients' rights to and health care -- Ethical issues in mental health care -- Ethical issues in end-of-life care -- The moral politics of abortion and euthanasia -- Professional judgement, moral quandaries and taking 'appropriate action' -- Professional obligations to reports harmful behaviours: risks to patient safety, child abuse and elder abuse -- Section 4. Nursing ethics futures - challenges in the 21st century and beyond -- Pandemic ethics -- Ethics and public health emergencies: climate change, antimicrobial resistance, health inequalities and emergency preparedness.
520 ## - SUMMARY, ETC.
Summary, etc. "Now in its eighth edition, Bioethics: A Nursing Perspective provides practical guidance on the ethical issues you might come across in nursing practice, with real-world examples that help to bring this important subject to life. Author Dr Megan-Jane Johnstone AO, Australia's foremost nursing ethics scholar, provides a comprehensive framework for negotiating the ethical challenges, obligations and responsibilities you might face. The text is engaging and easy to follow, and has been fully updated to reflect current issues in health care such as nurse practitioner assisted dying, pandemic ethics, and the moral costs of misinformation and medical conspiracy theories. This book is a suitable companion to the law and ethics components of both undergraduate and postgraduate nursing studies, and is relevant for all nurses who encounter ethical problems in their everyday practice" -- Provided by publisher.
650 #0 - SUBJECT ADDED ENTRY--TOPICAL TERM
Topical term or geographic name entry element Bioethics.
650 #0 - SUBJECT ADDED ENTRY--TOPICAL TERM
Topical term or geographic name entry element Nursing ethics.
650 #0 - SUBJECT ADDED ENTRY--TOPICAL TERM
Topical term or geographic name entry element Medical ethics.
650 #2 - SUBJECT ADDED ENTRY--TOPICAL TERM
Topical term or geographic name entry element Ethics, Nursing
650 #2 - SUBJECT ADDED ENTRY--TOPICAL TERM
Topical term or geographic name entry element Bioethical Issues
650 #2 - SUBJECT ADDED ENTRY--TOPICAL TERM
Topical term or geographic name entry element Ethics, Medical
650 #2 - SUBJECT ADDED ENTRY--TOPICAL TERM
Topical term or geographic name entry element Bioethics
942 ## - ADDED ENTRY ELEMENTS (KOHA)
Source of classification or shelving scheme Dewey Decimal Classification
Suppress in OPAC No
Koha item type Books
Classification part 174.2
Item part J65b
Call number prefix GRD
Call number suffix 2023
Edition 23
Holdings
Withdrawn status Lost status Source of classification or shelving scheme Damaged status Not for loan Home library Current library Shelving location Date acquired Total Checkouts Full call number Barcode Date last seen Copy number Price effective from Koha item type
    Dewey Decimal Classification     Main Library Main Library Graduate School Library 03/30/2026   GRD 174.2 J65b 2023 031422 03/30/2026 1-3 03/30/2026 Books
    Dewey Decimal Classification     Main Library Main Library Graduate School Library 03/30/2026   GRD 174.2 J65b 2023 031423 03/30/2026 2-3 03/30/2026 Books
    Dewey Decimal Classification     Main Library Main Library Graduate School Library 03/30/2026   GRD 174.2 J65b 2023 031424 03/30/2026 3-3 03/30/2026 Books